000 01041nam a2200289Ia 4500
005 20220317001503.0
008 161108s2010 sp a j 000 j spa
020 _a9788472905177
100 1 _aPontón Álvarez, María Luz
245 1 0 _aTrompetita, una elefantita de mucho peso
_cescrito por María Luz Pontón ; ilustrado por Mabel Piérola
250 _aPrimera edición
264 1 _aBarcelona
_bBellaterra
_c2010
300 _a39 páginas
_bilustraciones a color
_c33 cm.
336 _atexto
_btxt
_2rdacontent
337 _asin mediación
_bn
_2rdamedia
338 _avolumen
_bnc
_2rdacarrier
650 1 4 _2LEMB
_aCuentos infantiles españoles
650 1 4 _2LEMB
_aLiteratura infantil española
650 1 4 _2LEMB
_aElefantes
_vCuento infantil
650 1 4 _2LEMB
_aConvivencia
_vCuento infantil
650 1 4 _2LEMB
_aRespeto por las personas
_vCuento infantil
650 1 4 _2LEMB
_aEducación en valores
700 1 _aPiérola, Mabel
_9104752
942 _2loc
_cBKINF
040 _aCO-BoRNBP
_bspa
_erda
_cCO-BoRNBP
084 _aC PON4
999 _c7127
_d7127